000 00578nam a2200229Ia 4500
001 dia_2030
003 CHAP
005 20230411100401.0
008 220117s1976 xx 000 0 und d
010 _a172568
040 _cCHAP
082 _a634.81 W55Y
100 _aWinkler, A.J.
_9122279
245 _aViticultura /
_c por A.J. Winkler
260 _a:
_b Cecsa,
_c1976
300 _a792 p.
650 _a1.Viticultura
_9152118
901 _a634.81 W55Y
902 _aM
905 _a0000001976 mexA 0000000000esp00
942 _cLIBRO
_2ddc
999 _c172568
_d172568